| 000 | 01743nam a2200421Ii 4500 | ||
|---|---|---|---|
| 001 | DIGPOGRAN0039 | ||
| 003 | NyNyDIG | ||
| 006 | m o d | ||
| 007 | cr ||||||||||| | ||
| 008 | 240507s2021 ck a ob 000 0 spa d | ||
| 035 | _a(OCoLC)1433996214 | ||
| 040 |
_aDGITA _beng _erda _epn _cDGITA |
||
| 020 | _a9786287534049 | ||
| 043 | _as-ck--- | ||
| 050 | 1 | 4 | _aKHH2914 ebook |
| 245 | 0 | 0 |
_a30 años de la Constitución de 1991 : _bavances y desafíos en la construcción de nación. _nTomo lll, _pProponer la constitución de 1991 en clave de economía y sociedad civil / _ceditores, Jaime Andrés Wilches Tinjacá, Ofir Aurora Chaparro Rojas. |
| 246 | 3 | 0 | _aProponer la constitución de 1991 en clave de economía y sociedad civil |
| 246 | 3 | _aTreinta años de la Constitución de 1991 | |
| 264 | 1 |
_aBogotá, Colombia : _bPublicaciones Politécnico Grancolombiano, _c[2021] |
|
| 300 |
_a1 online resource : _billustrations. |
||
| 336 |
_atext _btxt _2rdacontent |
||
| 337 |
_acomputer _bc _2rdamedia |
||
| 338 |
_aonline resource _bcr _2rdacarrier |
||
| 347 |
_atext file _2rdaft |
||
| 347 | _bPDF | ||
| 504 | _aIncludes bibliographical references. | ||
| 588 | 0 | _aOnline resource; title from PDF title page (Digitalia, viewed May 7, 2024) | |
| 650 | 0 |
_aConstitutions _zColombia. |
|
| 650 | 0 |
_aLaw _zColombia. |
|
| 650 | 0 |
_aForced migration _zColombia. |
|
| 700 | 1 |
_aWilches Tinjacá, Jaime Andrés, _eeditor. |
|
| 700 | 1 |
_aChaparro Rojas, Ofir Aurora, _eeditor. |
|
| 791 | 2 |
_aDigitalia (Firm), _edistributor. |
|
| 793 | 0 |
_gDigitalia eBook Collection: _aPolitécnico Grancolombiano |
|
| 856 | 4 | 0 |
_3Digitalia Hispánica _uhttps://www.digitaliapublishing.com/a/137030/ |
| 910 | _aPremium collection: 2024 | ||
| 942 | _cRAA | ||
| 999 |
_c284545 _d284545 |
||